MARC

LEADER 00000nam a2200000Ia 4500
001 17198
008 160829s1998 xx 000 0 cat d
080 |a C-2-413 
110 |a Barcelona (Catalunya : Província).  |b Servei de Salut Pública i Consum  |9 8151 
245 |a Educació i formació per a la salut i el consum 1998 
260 |a Barcelona :  |b Diputació de Barcelona. Servei de Salut Pública i Consum,  |c 1998 
300 |a 97 p. ;  |c 24 cm 
650 |a Salut pública  |x Ensenyament  |x Barcelona (Província)   |9 21151 
650 |a Consum  |x Ensenyament  |x Barcelona (Província)  |9 21152 
901 |a Arxiu 
942 |n 1 
952 |0 0  |1 0  |4 0  |6 C2413  |7 1  |9 41805  |a Arxiu  |b Arxiu  |d 2016-12-01  |l 0  |o C-2-413  |p 17198  |r 2016-12-01 00:00:00  |w 2016-12-01  |y ARXIU 
999 |c 43728  |d 43728